000 00880nam a22001815i 4500
001 168263
003 ES-MaACL
005 20230906213731.0
008 020306s1869 sp |||| | spa d
040 _aCAM
_bspa
_cCAM
100 1 _aZumel, Enrique.
_9118492
245 1 0 _aPrueba práctica
_b: comedia en un acto /
_carreglada del italiano por Enrique Zumel.
260 _aMadrid :
_b[s.n.],
_c1869 (
_fImprenta de José Rodríguez)
300 _a26 p. ;
_c19 cm.
500 _aEn port.: Representada por primera vez en el teatro de Variedades la noche del 28 de febrero de 1869.
596 _aAl v. de port. consta : "... Galerías Dramáticas y Líricas de los Sres. Gullon é Hidalgo..."
852 _aES-MaACL
_jF-8572(1)
_z-- Enc. pasta española, falto de la enc. original
_z-- Enc. en un vol. facticio formando parte de la col. facticia "Teatro español moderno", vol. 25
999 _c168263
_d168263